| 000 | 00499nam a2200169 a 4500 | ||
|---|---|---|---|
| 003 | OSt | ||
| 005 | 20140311163154.0 | ||
| 008 | 110811s19uu xx 00 eng d | ||
| 050 |
_aDS 675.8 _b.R627 2009 |
||
| 100 |
_aCruz, Emerlinda _930609 |
||
| 245 | _aEl Filibusterismo / | ||
| 260 |
_aQuezon City, Philippines : _bC&E, _c2009. |
||
| 300 |
_a456 p. : _bill. ; _c27 cm. |
||
| 942 |
_2lcc _cBK-FIL |
||
| 999 |
_c42335 _d42335 |
||